Includes bibliographies (Record no. 15375)

000 -LEADER
fixed length control field 00588nam a22002171 4500
001 - CONTROL NUMBER
control field 15375
003 - CONTROL NUMBER IDENTIFIER
control field BD-DhUET
008 - FIXED-LENGTH DATA ELEMENTS--GENERAL INFORMATION
fixed length control field 731030m19621966njua b 000 0 eng
040 ## - CATALOGING SOURCE
Original cataloging agency DLC
Transcribing agency DLC
Modifying agency BD-DhUET
082 00 - DEWEY DECIMAL CLASSIFICATION NUMBER
Classification number 543
Item number FUR/1966
100 ## - MAIN ENTRY--PERSONAL NAME
Personal name Furman, N. Howell
245 00 - TITLE STATEMENT
Title Includes bibliographies
250 ## - EDITION STATEMENT
Edition statement 6th ed.
260 ## - PUBLICATION, DISTRIBUTION, ETC. (IMPRINT)
Place of publication, distribution, etc. New York
Name of publisher, distributor, etc. Van Nostrand Reinhold
Date of publication, distribution, etc. 1966
300 ## - PHYSICAL DESCRIPTION
Extent xi, (975-2018)p.
Other physical details ill.
500 ## - GENERAL NOTE
General note Vol.3 (Instrumental methods)
Part. B
504 ## - BIBLIOGRAPHY, ETC. NOTE
Bibliography, etc Includes bibliographies
650 #0 - SUBJECT ADDED ENTRY--TOPICAL TERM
Topical term or geographic name as entry element Chemistry, Analytic
700 ## - ADDED ENTRY--PERSONAL NAME
Personal name Welcher, Frank J.
942 ## - ADDED ENTRY ELEMENTS (KOHA)
Koha item type Edited Book
Holdings
Koha date last seen Piece designation (barcode) Koha normalized classification for sorting Koha item type Date acquired Source of classification or shelving scheme Damaged status Price effective from Lost status Withdrawn status Sublocation or collection (holding branch) Shelving location Not for loan Copy number Koha full call number Location (home branch)
2015-03-1228818543_000000000000000_FUR_1966Edited Book2015-03-12  2015-03-12  Central Library, BUETCirculation section 1543/FUR/1966Central Library, BUET
2015-03-1228828543_000000000000000_FUR_1966Edited Book2015-03-12  2015-03-12  Central Library, BUETCirculation section 2543/FUR/1966Central Library, BUET
2015-03-1228836543_000000000000000_FUR_1966Edited Book2015-03-12  2015-03-12  Central Library, BUETCirculation section 4543/FUR/1966Central Library, BUET
2015-03-1228831543_000000000000000_FUR_1966Edited Book2015-03-12  2015-03-12  Central Library, BUETCirculation section 5543/FUR/1966Central Library, BUET
2015-03-1238894543_000000000000000_FUR_1966Edited Book2015-03-12  2015-03-12  Central Library, BUETCirculation section 6543/FUR/1966Central Library, BUET
2018-02-2028827543_000000000000000_FUR_1966Edited Book2015-03-12  2015-03-12  Central Library, BUETCirculation section 7543/FUR/1966Central Library, BUET
2015-03-1228837543_000000000000000_FUR_1966Edited Book2015-03-12  2015-03-12  Central Library, BUETCirculation section 8543/FUR/1966Central Library, BUET
2015-03-1228826543_000000000000000_FUR_1966Edited Book2015-03-12  2015-03-12  Central Library, BUETCirculation section 9543/FUR/1966Central Library, BUET
2015-03-1228832543_000000000000000_FUR_1966Edited Book2015-03-12  2015-03-12  Central Library, BUETCirculation section 10543/FUR/1966Central Library, BUET